[Event "CZE-ch U12 Girls"]
[Site "Kouty nad Desnou"]
[Date "2013.03.14"]
[Round "7"]
[White "Simova, Tereza"]
[Black "Dolezalova, Josefina"]
[Result "1-0"]
[WhiteElo "1100"]
[BlackElo "1000"]
[PlyCount "43"]
[EventDate "2013.03.09"]
[EventType "swiss"]
[EventRounds "9"]
[EventCountry "CZE"]
[SourceTitle "EXT 2015"]
[Source "ChessBase"]
[SourceDate "2014.11.20"]
[SourceVersion "1"]
[SourceVersionDate "2014.11.20"]
[SourceQuality "1"]

1. e4 e5 2. Nf3 Nc6 3. Bc4 Bc5 4. Ng5 Qxg5 5. 0-0 Nf6 6. d3 d6 7. Bxg5 h6 8. Bxf6 gxf6 9. Nc3 Rg8 10. Qh5 Rf8 11. Nd5 f5 12. Nxc7+ Kd8 13. Nxa8 fxe4 14. Qxh6 Re8 15. Qg7 Nd4 16. Qxf7 Ne2+ 17. Kh1 Bd7 18. Bb5 Re7 19. Qf8+ Be8 20. Bxe8 Rxe8 21. Qg7 Bd4 22. Qc7# 1-0

[Event "CZE-ch U12 Girls"]
[Site "Kouty nad Desnou"]
[Date "2013.03.13"]
[Round "6"]
[White "Dolezalova, Josefina"]
[Black "Kocourkova, Klara"]
[Result "0-1"]
[WhiteElo "1000"]
[BlackElo "1286"]
[PlyCount "78"]
[EventDate "2013.03.09"]
[EventType "swiss"]
[EventRounds "9"]
[EventCountry "CZE"]
[SourceTitle "EXT 2015"]
[Source "ChessBase"]
[SourceDate "2014.11.20"]
[SourceVersion "1"]
[SourceVersionDate "2014.11.20"]
[SourceQuality "1"]

1. e4 d5 2. d3 dxe4 3. dxe4 Qxd1+ 4. Kxd1 Nf6 5. e5 Ng4 6. Bb5+ c6 7. Bc4 Nxf2+ 8. Ke1 Nxh1 9. Nc3 Bf5 10. Kd1 Nf2+ 11. Kd2 e6 12. Nf3 Nd7 13. Nh4 Ne4+ 14. Nxe4 Bxe4 15. c3 Nxe5 16. Bb3 Be7 17. Ke3 Bxh4 18. Kxe4 Bf6 19. Be3 0-0 20. Bc5 Rfd8 21. Bd4 Ng4 22. h3 Bxd4 23. cxd4 Nf6+ 24. Ke5 Rd7 25. Rd1 Rad8 26. Rd3 c5 27. dxc5 Rxd3 28. Bc4 Rd2 29. b4 Rc2 30. Bb3 Rxg2 31. h4 Rh2 32. h5 Rxh5+ 33. Kf4 Rd4+ 34. Ke3 Rxb4 35. Bc2 Rh3+ 36. Kf2 Rb2 37. Ke1 Rxc2 38. Kd1 Rxa2 39. Kc1 Rh1# 0-1